Operation desert storm [ behind the sceues of the allied air strike on Iraq

Bibliographic Details
Format: Book
Published: U.S : U.S News Video , 1991
Subjects:

MARC

LEADER 00000cam a2200000 7i4500
001 0000002227
002 000002427
005 20021009.0
020 |a 000002427 
090 0 0 |a 956.05   |b OPE 
245 1 0 |a Operation desert storm [  |h video recording] :   |b behind the sceues of the allied air strike on Iraq 
260 |a U.S :   |b U.S News Video ,   |c 1991 
300 |a 1 Video recording VHS (48 minutes) :   |b col.(PAL) 
500 |a Library has 1 copy 
650 0 0 |a Opertion Desert Storm 
999 |a 00124   |b VIDEO   |c KOLEKSI AUDIO VIDEO   |e PERPUSTAKAAN KOMUNITI PETALING JAYA